000 00626nam a2200205Ia 4500
003 GCL
008 140319s9999 xx 000 0 ara d
040 _aGCL /
_cGCL
082 0 4 _a301.328
_bح هـ
100 1 _aحامد سليمان
245 1 0 _aهذا الزمان: غربةالمصرى ومهانته /
_cحامد سليمان
260 _a[S.N] :
_bالمكتب المصرى الحديث ،
_c1992
300 _a212 ص
490 _a
650 0 4 _aالعالم العربى
650 0 4 _aالاحوال الاجتماعية
650 0 4 _aالهجرة
650 0 4 _aالعمل والعمال
942 _2ddc
_cBK
999 _c39424
_d39424